000 00450nmm a2200157Ia 4500
008 251105s9999||||xx |||||||||||||||||und||
020 _a9788497885690
041 _aspa
100 _aChamarro Lusar, Andrés
245 0 _aÉtica del psicólogo
264 _a[Madrid, España] :
_bUniversitat Oberta de Catalunya,
_c2007
300 _a146 páginas
650 _aPsychology
856 _uhttps://public.digitaliapublishing.com/a/1038
942 _cCF
999 _c90691
_d90691